000 00896cam a2200217 4500
001 WB3823-02
008 020625n2002 000 0 eng u
035 _a(Sirsi) u118512
245 _aPFI hospitals may be useless in 20 years
260 _c2002
490 _aContract Journal
_v414(6382) 19 June 2002, 2(1)
520 _aBuilding Futures Group in their 2020 vision research project claim that hospitals being built under 30 year long PFI contracts may well become redundant as healthcare building technology shifts the focus of care into local communities. Study suggests that the UK needs to invest now in building stock that will be relevant to healthcare in 20 years time.
590 _aWB
650 _aHOSPITALS
650 _aHEALTHCARE SECTOR
650 _aFORECASTS
650 _aPFI
650 _aPRIVATE FINANCE INITIATIVES
690 _aBUILT ENVIRONMENT
942 _n0
999 _c70558
_d70558